Historical Outlines Of English Accidence Revised By L K And Henry B (Record no. 3485)

MARC details
000 -LEADER
fixed length control field 00430nam a2200145Ia 4500
008 - FIXED-LENGTH DATA ELEMENTS--GENERAL INFORMATION
fixed length control field 211109s9999||||xx |||||||||||||| ||und||
082 ## - DEWEY DECIMAL CLASSIFICATION NUMBER
Classification number 420
Item number MOR-H
100 ## - MAIN ENTRY--PERSONAL NAME
Personal name Morris, Rue Richard
245 #0 - TITLE STATEMENT
Title Historical Outlines Of English Accidence Revised By L K And Henry B
260 ## - PUBLICATION, DISTRIBUTION, ETC.
Name of publisher, distributor, etc. MACMILLAN INDIA LIMITED
Place of publication, distribution, etc. DELHI
Date of publication, distribution, etc. 1907
300 ## - PHYSICAL DESCRIPTION
Extent 461p.
630 ## - SUBJECT ADDED ENTRY--UNIFORM TITLE
General subdivision General Stack
650 ## - SUBJECT ADDED ENTRY--TOPICAL TERM
Topical term or geographic name entry element English Language
942 ## - ADDED ENTRY ELEMENTS (KOHA)
Koha item type BOOK
650 ## - SUBJECT ADDED ENTRY--TOPICAL TERM
Form subdivision History
General subdivision English
Holdings
Withdrawn status Lost status Damaged status Not for loan Home library Current library Date acquired Cost, normal purchase price Total Checkouts Full call number Barcode Shelving location Date last seen Price effective from Koha item type
        SB LIBRARY SB LIBRARY 09/11/2021 100.00   420 MOR-H 00003826 GENERAL STACK 09/11/2021 09/11/2021 BOOK

Powered by Koha